[Event "Challenge"]
[Site "http://www.queenalice.com/game.php?id=336526"]
[Date "2008.1.14"]
[Round "-"]
[White "mp3"]
[Black "ig0r"]
[Result "1/2-1/2"]
[WhiteElo "1564"]
[BlackElo "1674"]

1. c4 e5 2. d3 Bb4+ 3. Bd2 Bxd2+ 4. Nxd2 Nf6 5. Ngf3 Nc6 6. e4 Nd4 7. Be2 Nxf3+
8. Nxf3 d6 9. O-O O-O 10. b3 Bg4 11. h3 Bxf3 12. Bxf3 c6 13. a4 d5 14. Rb1 dxe4
15. dxe4 Qxd1 16. Rfxd1 Rad8 17. Re1 a6 1/2-1/2

[Event "Challenge"]
[Site "http://www.queenalice.com/game.php?id=336807"]
[Date "2008.1.15"]
[Round "-"]
[White "ig0r"]
[Black "hoovain"]
[Result "0-1"]
[WhiteElo "1632"]
[BlackElo "1684"]

1. e4 c5 2. Qf3 Nc6 3. Bc4 e6 4. Nh3 Nf6 5. c3 Be7 6. O-O d5 7. exd5 exd5 8. Bb5
Qc7 9. Re1 O-O 10. Bxc6 bxc6 11. d4 Rb8 12. b3 cxd4 13. cxd4 Bg4 14. Qd3 Bd6 15.
Bf4 Bxf4 16. Nxf4 Qxf4 17. Qg3 Qxg3 18. fxg3 Ne4 19. h3 Bd7 20. g4 Rfe8 21. Na3
Nc3 22. Rxe8+ Rxe8 23. Nc2 Re2 24. Ne1 Rxa2 25. Rxa2 Nxa2 26. Nd3 a5 27. Ne5 Be8
0-1

[Event "Challenge"]
[Site "http://www.queenalice.com/game.php?id=336820"]
[Date "2008.1.15"]
[Round "-"]
[White "rviana"]
[Black "ig0r"]
[Result "1-0"]
[WhiteElo "1872"]
[BlackElo "1585"]

1. Nf3 Nf6 2. c4 Nc6 3. d4 d5 4. e3 Bg4 5. Be2 Bxf3 6. Bxf3 e6 7. c5 b6 8. cxb6
axb6 9. O-O Bd6 10. Nc3 O-O 11. Nb5 Na7 12. Qb3 Nxb5 13. Qxb5 Qd7 14. Qxd7 Nxd7
15. Bd2 Nf6 16. a4 e5 17. Bc3 c5 18. dxe5 Bxe5 19. Bxe5 d4 20. Bxa8 Rxa8 21.
exd4 Nd7 22. Bf4 cxd4 23. Rfd1 Nc5 24. b4 Ne6 25. Bd2 f5 26. a5 bxa5 27. bxa5
Nc5 28. Ra3 1-0

[Event "Challenge"]
[Site "http://www.queenalice.com/game.php?id=336822"]
[Date "2008.1.15"]
[Round "-"]
[White "floyd_page"]
[Black "ig0r"]
[Result "1-0"]
[WhiteElo "1720"]
[BlackElo "1645"]

1. e4 e5 2. Nf3 Nc6 3. Bc4 h6 4. d4 d6 5. dxe5 Bg4 6. exd6 cxd6 7. O-O Ne5 8.
Be2 Nxf3+ 9. Bxf3 Bxf3 10. Qxf3 Qh4 11. Nc3 d5 12. exd5 Bd6 13. g3 Qh3 14. Re1+
Ne7 15. Nb5 Qd7 16. Nxd6+ Qxd6 17. c4 O-O 18. Bf4 Qf6 19. Qe2 Rfe8 20. Qd3 g5
21. Be5 Qg6 22. Qxg6+ Nxg6 23. Bc3 Rxe1+ 24. Rxe1 Kf8 25. b3 Re8 26. Bg7+ Kxg7
27. Rxe8 Nf8 28. Re7 1-0

[Event "Challenge"]
[Site "http://www.queenalice.com/game.php?id=336824"]
[Date "2008.1.15"]
[Round "-"]
[White "ig0r"]
[Black "Cristianopesoa"]
[Result "0-1"]
[WhiteElo "1670"]
[BlackElo "1638"]

1. e4 e5 2. Nf3 Nc6 3. Bb5 Bc5 4. O-O a6 5. Bxc6 dxc6 6. Nxe5 Bd6 7. Qh5 g6 8.
Qh6 Nxh6 9. d3 Bxe5 10. f3 Qh4 11. g3 Qh3 12. Bf4 Bxb2 0-1

[Event "Challenge"]
[Site "http://www.queenalice.com/game.php?id=336826"]
[Date "2008.1.15"]
[Round "-"]
[White "ig0r"]
[Black "bruno_borges"]
[Result "0-1"]
[WhiteElo "1653"]
[BlackElo "2013"]

1. e4 e5 2. Nf3 Nc6 3. Bb5 a6 4. Bxc6 dxc6 5. Nxe5 Qd4 6. Nf3 Qxe4+ 7. Qe2 Qxe2+
8. Kxe2 Bg4 9. Re1 O-O-O 10. Kf1 Bxf3 11. gxf3 Bd6 12. Kg1 Nf6 13. Nc3 Rhe8 14.
Ne4 Bc5 15. d3 Nd5 16. c3 f5 17. Bg5 fxe4 18. Bxd8 Rxd8 19. fxe4 Nf4 20. d4 Be7
21. Re3 h6 22. Rae1 Rf8 23. Rg3 Rf7 24. Ree3 Bh4 25. Rg4 g5 26. Kf1 h5 27. Rg1
g4 28. f3 Nh3 29. Rg2 gxf3 30. Rg8+ Kd7 31. Rh8 Nf2 32. Rxh5 Ng4 33. Rd3 Nxh2+
34. Kg1 f2+ 35. Kxh2 f1=Q 36. Rxh4 Rf2+ 37. Kg3 Qg2# 0-1

[Event "Challenge"]
[Site "http://www.queenalice.com/game.php?id=336827"]
[Date "2008.1.15"]
[Round "-"]
[White "vulture"]
[Black "ig0r"]
[Result "1-0"]
[WhiteElo "1622"]
[BlackElo "1580"]

1. e4 e5 2. Nf3 Nc6 3. Bc4 Qf6 4. d3 h6 5. O-O Nd4 6. Nbd2 Nxf3+ 7. Nxf3 Bd6 8.
c3 Ne7 9. Be3 O-O 10. a3 Ng6 11. d4 exd4 12. Bxd4 Ne5 13. Bxe5 Bxe5 14. Rc1 c6
15. a4 Bc7 16. Qe2 Qg6 17. Nh4 Qd6 18. f4 Bb6+ 19. Kh1 Bc7 20. Rcd1 Qf6 21. Nf3
Qxf4 22. Rd4 d6 23. e5 Qf5 24. Bd3 Qe6 25. Nh4 g6 26. Rf6 Qe7 27. Qd2 g5 28.
Rxh6 gxh4 29. Rdxh4 f6 30. Rh8+ Kf7 31. R8h7+ Ke8 32. Rxe7+ Kxe7 33. Rh7+ Rf7
34. Rxf7+ 1-0

[Event "Challenge"]
[Site "http://www.queenalice.com/game.php?id=336828"]
[Date "2008.1.15"]
[Round "-"]
[White "gupi"]
[Black "ig0r"]
[Result "0-1"]
[WhiteElo "1264"]
[BlackElo "1653"]

1. e4 e5 2. Bc4 Nf6 3. Nf3 h6 4. Nxe5 d5 5. exd5 Nxd5 6. Qh5 g6 7. Qf3 Be6 8.
Nc3 f6 9. Nxg6 Rg8 10. Nxd5 Rxg6 11. Qc3 Bxd5 12. Qe3+ Be7 13. Bxd5 Qxd5 14. b3
Qxg2 15. Ba3 Nc6 16. f3 Qxh1+ 17. Kf2 Qxa1 18. Bxe7 Nxe7 19. f4 Qg1+ 20. Ke2
Qxe3+ 21. Kxe3 O-O-O 22. h4 Rg3+ 0-1

[Event "Challenge"]
[Site "http://www.queenalice.com/game.php?id=336829"]
[Date "2008.1.15"]
[Round "-"]
[White "holandes"]
[Black "ig0r"]
[Result "1-0"]
[WhiteElo "1803"]
[BlackElo "1655"]

1. e4 e5 2. c3 Nf6 3. d3 Bc5 4. h3 d5 5. Bg5 O-O 6. Bxf6 Qxf6 7. Nf3 dxe4 8.
dxe4 Qc6 9. Nbd2 Bb6 10. Nxe5 Qc5 11. Nd3 Qg5 12. Nf3 Qf6 13. Be2 Nd7 14. Rc1
Nc5 15. Nde5 Nxe4 16. Nd3 Nc5 17. Nb4 Bf5 18. Nd5 Qd8 19. O-O Be4 20. Bc4 Bxf3
21. Qxf3 c6 22. Nxb6 axb6 23. Rfd1 Qg5 24. b4 Ne6 25. Re1 Rae8 26. Bd3 g6 27.
Rc2 Nf4 28. Rxe8 Rxe8 29. Be4 1-0

[Event "Challenge"]
[Site "http://www.queenalice.com/game.php?id=336831"]
[Date "2008.1.15"]
[Round "-"]
[White "Sigmund"]
[Black "ig0r"]
[Result "1-0"]
[WhiteElo "1649"]
[BlackElo "1618"]

1. e4 e5 2. Nf3 Nc6 3. Nc3 Nf6 4. a3 Bc5 5. b4 Bb6 6. Bc4 h6 7. Bb2 Ng4 8. d4
Nxd4 9. O-O O-O 10. Nd5 c6 11. Nxb6 axb6 12. Nxd4 Qh4 13. Nf3 Qh5 14. h3 Nf6 15.
Bxe5 Nxe4 16. Qd4 Nf6 17. Rfe1 d5 18. Bd3 Bf5 19. Bxf6 gxf6 20. g4 Qg6 21. Bxf5
Qg7 22. Qxb6 Ra6 23. Qxb7 Rfa8 24. Re7 R6a7 25. Qxc6 Rxe7 26. Qxa8+ Qf8 27.
Qxf8+ Kxf8 28. a4 Rb7 29. b5 Rb6 30. Nd4 Rd6 31. a5 Rd8 32. a6 Ra8 33. a7 Ke8
34. b6 Rd8 35. a8=Q Rxa8 36. Rxa8+ 1-0

[Event "Challenge"]
[Site "http://www.queenalice.com/game.php?id=336995"]
[Date "2008.1.15"]
[Round "-"]
[White "ig0r"]
[Black "Mikalus"]
[Result "0-1"]
[WhiteElo "1644"]
[BlackElo "1853"]

1. e4 c5 2. Bc4 Nc6 3. Qf3 e6 4. c3 Nf6 5. Nh3 Qc7 6. O-O Ne5 7. Qe2 Neg4 8. g3
Be7 9. f3 Ne5 10. d4 Nxc4 11. Qxc4 d5 12. exd5 exd5 13. Qe2 Bxh3 14. Re1 Ng8 15.
f4 O-O-O 16. Qh5 Qd7 17. Re3 Bg4 18. Qxf7 Re8 19. Qxg7 Bf6 20. Rxe8+ Qxe8 21.
Qxg4+ Kb8 22. Bd2 h5 23. Qf3 Qc6 24. Be3 c4 25. b3 Ne7 26. f5 Qc8 27. Qf4+ Ka8
28. Na3 Rg8 29. bxc4 dxc4 30. Rb1 h4 31. Bf2 hxg3 32. hxg3 Nxf5 33. g4 Nh4 34.
d5 Rxg4+ 35. Qxg4 Qxg4+ 36. Kf1 Qg2+ 37. Ke2 Qf3+ 38. Kf1 Bxc3 39. Rc1 Qd3+ 40.
Kg1 Bd4 41. Re1 Bxf2+ 42. Kxf2 Qf3+ 43. Kg1 Qg2# 0-1

[Event "Challenge"]
[Site "http://www.queenalice.com/game.php?id=336999"]
[Date "2008.1.15"]
[Round "-"]
[White "ig0r"]
[Black "Hugo_Gtz"]
[Result "0-1"]
[WhiteElo "1594"]
[BlackElo "1776"]

1. e4 e5 2. Nf3 d6 3. Bb5+ c6 4. Bc4 h6 5. O-O Nf6 6. Nc3 Be6 7. Bxe6 fxe6 8. d4
exd4 9. Qxd4 Nbd7 10. h3 e5 11. Qc4 Qb6 12. Be3 Qc7 13. Nb5 Qa5 14. Nc3 Be7 15.
g4 Nc5 16. Bd2 Qa6 17. Qxa6 Nxa6 18. a3 Nc5 19. Rfe1 Bd8 20. b4 Ncd7 21. Na4 O-O
22. g5 Nh7 23. gxh6 Rxf3 24. Re3 Rf7 25. hxg7 Bh4 26. Be1 Rxg7+ 27. Kf1 Nhf6 28.
f3 Bg5 0-1

[Event "Challenge"]
[Site "http://www.queenalice.com/game.php?id=337036"]
[Date "2008.1.15"]
[Round "-"]
[White "Hugo_Gtz"]
[Black "ig0r"]
[Result "1-0"]
[WhiteElo "1767"]
[BlackElo "1603"]

1. e4 e5 2. Nc3 Nf6 3. d3 Bb4 4. a3 Bxc3+ 5. bxc3 h6 6. Nf3 d6 7. h3 O-O 8. Be2
Nc6 9. Bb2 d5 10. exd5 Qxd5 11. c4 Qa5+ 12. Qd2 Qxd2+ 13. Nxd2 Nd4 14. Bxd4 exd4
15. O-O Be6 16. Nb3 Rfd8 17. Bf3 c6 18. Rfe1 Bd7 19. Nxd4 Re8 20. Re2 Rxe2 21.
Bxe2 b5 22. cxb5 cxb5 23. Kh2 Re8 24. Kg3 Re5 25. Bf3 g5 26. Rb1 a6 27. Rb2 1-0

[Event "Challenge"]
[Site "http://www.queenalice.com/game.php?id=337038"]
[Date "2008.1.15"]
[Round "-"]
[White "ig0r"]
[Black "DanGurgui"]
[Result "0-1"]
[WhiteElo "1631"]
[BlackElo "1832"]

1. e4 e6 2. Nf3 d5 3. exd5 Qxd5 4. Be2 Nf6 5. O-O Nc6 6. Nc3 Qd8 7. Bb5 Bd7 8.
Bxc6 Bxc6 9. Ne5 Bd5 10. Nxd5 Qxd5 11. Ng4 Be7 12. Nxf6+ Bxf6 13. Qg4 O-O-O 14.
d3 Qc6 15. Qc4 Qxc4 16. dxc4 Rd4 17. b3 Re4 18. Rb1 Re2 19. Bb2 Rxc2 20. Bxf6
gxf6 21. a4 Rd8 22. Rfc1 Rxc1+ 23. Rxc1 Rd3 24. Rb1 e5 25. c5 a5 26. b4 axb4 27.
Rxb4 Rd1# 0-1

[Event "Challenge"]
[Site "http://www.queenalice.com/game.php?id=337041"]
[Date "2008.1.15"]
[Round "-"]
[White "LeandroFreitas"]
[Black "ig0r"]
[Result "1/2-1/2"]
[WhiteElo "1693"]
[BlackElo "1651"]

1. d4 e6 2. e4 Qh4 3. e5 c5 4. Nf3 Qe4+ 5. Be2 cxd4 6. Qxd4 Qxd4 7. Nxd4 a6 8.
O-O Bc5 9. Nf3 f6 10. h3 Nc6 11. Bf4 fxe5 12. Nxe5 Nxe5 13. Bxe5 Nf6 14. Bxf6
gxf6 15. Nc3 d5 16. Rfe1 Rg8 17. Bh5+ Kd8 18. Re2 Rg5 19. Bg4 Re5 20. Rxe5 fxe5
21. Re1 e4 22. Ne2 e5 1/2-1/2

[Event "Challenge"]
[Site "http://www.queenalice.com/game.php?id=340208"]
[Date "2008.1.21"]
[Round "-"]
[White "ig0r"]
[Black "Feynman"]
[Result "0-1"]
[WhiteElo "1566"]
[BlackElo "1708"]

1. e4 e5 2. Qf3 d6 3. Bc4 Nf6 4. h3 c6 5. d3 Be6 6. Bb3 d5 7. exd5 Bxd5 8. Bxd5
Nxd5 9. Ne2 b5 10. Nbc3 Bc5 11. Be3 Na6 12. Ne4 Nxe3 13. fxe3 Nb4 14. Rc1 Nxa2
15. Ra1 Qd5 16. Ng5 Bb4+ 17. Kf1 Qxf3+ 18. gxf3 Be7 19. Rxa2 Bxg5 20. f4 exf4
21. exf4 Bf6 22. b4 O-O 23. Ra6 Rfc8 24. c4 h6 25. cxb5 cxb5 26. Ra2 Be7 27. Rb2
a5 28. bxa5 Rxa5 29. Kg2 Bf6 30. Rb4 Re8 0-1